Sports Quiz

Random Sports or World Quiz

World Cup Hosts Quiz Stats

 Plays Quiz Updated Nov 15, 2017

Score 0/22 Timer 03:00
40 Plays Today
Year Country % Correct
2014Brazil
98.5%
1950Brazil
97.6%
2006Germany
97.4%
1938France
96.4%
1998France
96.4%
1994United States
96%
1934Italy
94.3%
1990Italy
94.3%
2002South Korea and Japan
93.2%
1966England
92.5%
1982Spain
91.7%
Year Country % Correct
1978Argentina
91.1%
2018Russia
91.1%
1970Mexico
89.6%
1986Mexico
89.6%
2022Qatar
81.8%
1930Uruguay
81.8%
2010South Africa
75.3%
1958Sweden
66.5%
1962Chile
64.5%
1974West Germany
56%
1954Switzerland
49.5%

You're not logged in!

Compare scores with friends on all Sporcle quizzes.
OR
Log In

You Might Also Like...

Show Comments

Extras

Top Quizzes Today


Score Distribution

Your Account Isn't Verified!

In order to create a playlist on Sporcle, you need to verify the email address you used during registration. Go to your Sporcle Settings to finish the process.

Report this User

Report this user for behavior that violates our Community Guidelines.

Details: